000
00303nam a2200145Ia 4500
100
_a
Tokheim/Roger L
250
_a
3
942
_c
BK
654
_a
digital
245
_a
Digital electronics 4/e
260
_b
Glencoe
_a
New york
_c
1994
082
_a
621.3815
_b
TOK
300
_a
345
546
_a
ENGLISH
999
_c
18345
_d
18345